Quizzes
Events
Quiz Creation
Community
Videos
Private Events
Remove Ads
Sign In
Join for FREE
Feedback
Dark Mode
Quiz Categories
Sports
Geography
Music
Movies
Television
Just For Fun
Miscellaneous
History
Literature
Language
Science
Gaming
Entertainment
Religion
Holiday
For Kids
Quiz Lab
Recent
Popular Today
Quiz Kudos Today
Editor Picks
Curator Picks
Quizzes by...
Day
Popularity
Type
Ratings
Length
Year
Community
Subscriptions
Recent Discussions
Orange Saloon
Badges
Playlists
Quests
Create
Leaderboards
Showdown
Live 5
Trivia Bingo
Activity
Puzzle Library
Sporcle Events
Private Events
Virtual Trivia
Globe League
Become a Host
Pub Owners
SporcleCon
Opinionation
Our Games
Videos
Blog
Mobile Apps
Partnerships
Remove Ads and Go Orange
Feedback
Entertainment
Celebrity
Famous
Musical
Broadway
Show
Quote
Comic Books
Anime
Superhero
DC Comics
Marvel
Cartoons
Animation
Entertainment
Celebrity
Famous
Musical
Broadway
Show
Quote
Comic Books
Anime
Superhero
DC Comics
Marvel
Cartoons
Animation
Random Quiz
Search Sporcle
×
Quiz Lab
Quiz Lab
Entertainment
Musical
Select answers by clicking on text or image buttons
Select answers by clicking on text or image buttons
Clickable
Best Score? Go Orange.
Jukebox Musical Match Up Stats
Can you match the song to the correct musical?
By
midnight_dreary
5m
20 Questions
134 Plays
134 Plays
134 Plays
Comments
Comments
Give Quiz Kudos
Give Quiz Kudos
-
- Ratings
hide this ad
Replay
Link that replays current quiz
Next Quiz
Link to next quiz in quiz playlist
You Got
0%
They Got
Avg Score
52%
Avg Friend Score
Upgrade to see
Score Distribution
Jump to the score distribution portion of the page
Score
0/20
Timer
05:00
0
Plays Today
% Correct
Super Trouper
83.6%
December, 1963 (Oh, What a Night)
79.1%
Pinball Wizard
79.1%
Blue Suede Shoes
76.1%
Boulevard of Broken Dreams
73.9%
Radio Ga Ga
70.9%
Don't Stop Believin
67.2%
Piano Man
62.7%
Cheeseburger in Paradise
59%
Where Did Our Love Go
53%
% Correct
I Will Survive
52.2%
You Took the Words Right Out of My Mouth
50.7%
Conga
45.5%
Not the Boy Next Door
43.3%
Strange Magic
43.3%
Pleasant Valley Sunday
32.8%
Fight Test
20.1%
Honeysuckle Rose
19.4%
Gee, Baby, Ain't I Good to You
19.4%
Great Balls of Fire
17.9%
Quiz Playlist
Details
Report
Send in Message
Add To Playlist
Clickable:
Select answers by clicking on text or image buttons
Last Updated: Sep 12, 2017
Quiz Scoreboard
CHALLENGE
Sign Up to Join the Scoreboard
Show All
Scores
Hide
Comments
May contain spoilers
Recently Published
Movies - When Are They Set?
by FPL_Elf
Movies
5m
Popular People in 1961
by mucciniale
History
6m
1-10 Letter E Words III
by El_Dandy
Language
2m
More to Explore
Quiz From the Vault
Featured Blog Post
Where Did the Easter Bunny Come From?
hide this ad
You Might Also Like...
Tags
Broadway Quiz
Clickable Quiz
Musical Quiz
Broadway Musicals
Jukebox Musicals
Matching
Today's Top Quizzes in Entertainment
Browse Entertainment
hide this ad
Today's Top Quizzes in Musical
Browse Musical
Top Contributed Quizzes in Entertainment
1
Kamen Rider Motifs
2
Dragon Ball Z: Goku's Fights in Order
3
Dragon Ball Z: Mega Character Search
4
One Piece Arcs By Order III
5
Marvel Characters Bunker
6
Criteria Quickie: Cartoon Taxonomy II
7
Undead Unluck Minefield
8
Survivor Winners Logic Quiz
9
JoJo's Bizarre Logic Quiz
10
Ana Gasteyer or Kathryn Hahn?
Explore More
Trending Topics
Crossword
Kpop
Disney
Anime
NBA
Marvel
Harry Potter
Soccer
The Office
Country
Puzzle
NFL
Song
WWE
Pokémon
hide this ad
More By:
midnight_dreary
Quiz
Plays
Rating
Category
Featured
Created
Katy Perry or Taylor Swift?
52,886
4.37
Music
Nov 12, 2014
War Movies by Poster
34,055
4.63
Movies
Oct 22, 2019
100 TV Shows From The 2010s
32,759
4.29
Television
Jan 15, 2019
'Girl' and 'Boy' Movies
30,851
4.56
Movies
Apr 1, 2017
30 School Movies
30,442
4.35
Movies
Feb 4, 2017
Go to Creator's Profile
Score Distribution
Quiz Creator Spotlight
midnight_dreary
Follow
Send a Message
Quizzes Created
-
Created Quiz Play Count
-
More By This Creator
Popular Quizzes Today
1
Find the Countries of Europe - No Outlines Minefield
2
Find the US States - No Outlines Minefield
3
The Countries of the World
4
Popular People in 1961
5
US States
6
1-10 Letter E Words III
7
Find the US States
8
One Thing in Common: World Cities II
More Entertainment Quizzes
Name the Tokyo Ghoul character
Quiz Lab
Trending Quizzes
Risky Map Clicking: Least Populous States A-Z
1-10 Letter F Words
Humor Books: The Subtitles
1-10 Letter G Words
One Thing in Common: United Kingdom
Recently Updated
Leaping Animals
pecheneg
Reality TV Shows (A-Z)
bhenderson79
Rickey Henderson's Hall of Fame Teammates
pecheneg
Champions League XIs: Arsenal
pecheneg
Quick Pick: Celebrities in WWE's Hall of Fame
aduchscher
A-Z Keypad Blitz II
pecheneg
Multiple Oscar Actors
pecheneg
Mystery Phrase Blitz: Oscar 'Best Actors'
pecheneg
F. Scott Fitzgerald Novels
LTH
Pick 3 Villains
ddd62291
Trending Topics
NBA
Marvel
Harry Potter
Crossword
Anime
Disney
Kpop
Pokémon
Puzzle
WWE
Country
Song
The Office
NFL
Soccer
Your Account Isn't Verified!
In order to create a playlist on Sporcle, you need to verify the email address you used during registration. Go to your
Sporcle Settings
to finish the process.
Report this User
Report this user for behavior that violates our
Community Guidelines
.
Details:
Send Report
Go to the Sporcle.com Mobile Site →
Comments